| 000 | 00483nam a22001457a 4500 | ||
|---|---|---|---|
| 005 | 20250903144853.0 | ||
| 008 | 230502b |||||||| |||| 00| 0 eng d | ||
| 040 | _cDDC | ||
| 082 |
_aE N99 _bUS.137 |
||
| 100 |
_aUSHA MATHEW _d1999 |
||
| 245 | _aSTATUS AND IMPACT OF HEAVY METALS IN SELECTED SOILS AND CROPS OF KERALA | ||
| 260 |
_aCOLLEGE OF AGRICULTURE VELLAYANI _bDEPARTMENT OF SOIL SCIENCE AND AGRICULTURAL CHEMISTRY _c1999 |
||
| 700 | _aDr. ALICE ABRAHAM | ||
| 942 |
_2ddc _cTH |
||
| 999 |
_c371186 _d371186 |
||